| 000 | 00545nam a2200145Ia 4500 | ||
|---|---|---|---|
| 008 | 140724s9999 xx 000 0 und d | ||
| 050 |
_aBF 637.N46 _b.H565 2013 |
||
| 100 | _aHerrera, Michaela J. | ||
| 245 |
_aRelationship between the levels of self-esteem and parenting styles among selected high school students of Manresa School / _cMichaela J. Herrera. |
||
| 260 |
_aLas PiƱas, Philippines : _bSouthville International School and Colleges, _cc2013. |
||
| 300 |
_a64 p. : _c28 cm. |
||
| 521 | _aPsychology | ||
| 942 | _cTH | ||
| 999 |
_c229088 _d229088 |
||